El eslabón perdido entre educación y empleo: análisis sobre las percepciones de los jóvenes urbanos de escasos recursos en Chile /

Guardat en:
Dades bibliogràfiques
Autor principal: Marinho M, María Luisa
Format: Text
Col·lecció:SERIE POLITICAS SOCIALES/CEPAL
Etiquetes: Afegir etiqueta
Sense etiquetes, Sigues el primer a etiquetar aquest registre!

MARC

LEADER 00000 a a2200000 04500
001 48068
003
040
090 |a REV1291 (137) 2007  
100 |a Marinho M, María Luisa 
245 |a El eslabón perdido entre educación y empleo:   |b análisis sobre las percepciones de los jóvenes urbanos de escasos recursos en Chile /  |c María Luisa Marinho M 
440 |a SERIE POLITICAS SOCIALES/CEPAL  
773 |g número137, (2007), página70.  
999 |c 34531  |d 34531